Eurovision - Albania given 12 points - Statistics

General Stats
  • This quiz has been taken 206 times
  • The average score is 6 of 9
Answer Stats
# Country % Correct
9 Greece
98%
4 Italy
95%
5 Macedonia
82%
2 Spain
74%
1 Bosnia and Herzegovina
73%
3 Turkey
73%
2 Montenegro
72%
1 Australia
38%
1 Moldova
32%
No matching quizzes found
Score Distribution
Percent of People with Each Score
Percentile by Number Answered
Your Score History
You have not taken this quiz